[Event "Mahalla op 15th"]
[Site "Mahalla"]
[Date "2014.04.29"]
[Round "7"]
[White "Ismail, Youssef"]
[Black "Hesham, Abdallah"]
[Result "1-0"]
[WhiteElo "2149"]
[BlackElo "1912"]
[PlyCount "75"]
[EventDate "2014.04.22"]
[EventType "swiss"]
[EventRounds "9"]
[EventCountry "EGY"]
[SourceTitle "EXT 2015"]
[Source "ChessBase"]
[SourceDate "2014.11.20"]
[SourceVersion "1"]
[SourceVersionDate "2014.11.20"]
[SourceQuality "1"]

1. c4 e5 2. Nc3 Nf6 3. e3 d5 4. cxd5 Nxd5 5. Bc4 Nb6 6. Bb3 Be7 7. Qh5 0-0 8. Qxe5 Nc6 9. Qe4 g6 10. Qb1 Nb4 11. d4 c5 12. a3 c4 13. Bc2 Nxc2+ 14. Qxc2 f5 15. Nge2 a6 16. Na4 Be6 17. Nf4 Bf7 18. Nxb6 Qxb6 19. h4 Bxh4 20. Rxh4 g5 21. Rh3 gxf4 22. Qxf5 Bg6 23. Qd5+ Kh8 24. exf4 Rae8+ 25. Re3 Bd3 26. b4 cxb3 27. Bb2 Bc2 28. Qd7 Rxe3+ 29. fxe3 Qg6 30. d5+ Kg8 31. Kf2 b6 32. g4 Qf7 33. Qc6 Qg6 34. Qc3 h5 35. d6 Kf7 36. Qc7+ Kg8 37. d7 Qe6 38. d8Q 1-0